五条駅と加茂駅に行ける駅 - Statistics

General Stats
  • This quiz has been taken 33 times
  • The average score is 18 of 21
Answer Stats
Answer % Correct
王寺
97%
天王寺
83%
寺田町
83%
桃谷
83%
鶴橋
83%
玉造
83%
大阪城公園
83%
京橋
83%
桜ノ宮
83%
天満
83%
大阪
83%
福島
83%
野田
83%
西九条
83%
弁天町
83%
大正
83%
芦原橋
83%
今宮
83%
新今宮
83%
森ノ宮
80%
久宝寺
80%
No matching quizzes found
Score Distribution
Percent of People with Each Score
Percentile by Number Answered
Your Score History
You have not taken this quiz